00559nam a22001935i 45000010009000000050017000090080041000260200018000670400013000850820017000982450128001152500012002432600033002553000012002886500014003006500018003146500013003327000020003452140855420250423104808.0200129s2020 pau 000 0 eng  a9780323673556 cPK-LaUMT a616.07bGOO-10aGoodman and Fuller's pathology :bimplications for the physical therapist /cedited by Catherine Goodman, and Kendra Fuller a5th ed. aSt. louis :bElsevier,c2021 a1771 p. aPathology aImmune system aOncology1 aFuller, Kendra,